[Event "Junior Online 4NCL Division 4"]
[Site "online"]
[Date "2021.10.14"]
[EventDate "2021.10.14"]
[Round "5.27"]
[White "Sharavana, Harshith"]
[WhiteElo "1236"]
[WhiteTeam "Chess Challengers B"]
[Black "Marks, Rory"]
[BlackElo "1059"]
[BlackTeam "Muswell Hill Knights"]
[Result "0-1"]
[PlyCount "130"]

1. e4 e5 2. Nf3 Nc6 3. Bc4 Nf6 4. Ng5 d5 5. exd5 Nxd5 6. Nxf7 Kxf7 7. Qf3+ Ke8 8. Bxd5 Qd7 9. Nc3 Nb4 10. Bb3 Bc5 11. Ba4 c6 12. Qh5+ g6 13. Qxe5+ Qe7 14. Qxe7+ Bxe7 15. O-O Bc5 16. Re1+ Kd8 17. Ne4 Re8 18. d3 Bf5 19. Bf4 b5 20. Bxb5 Nxc2 21. Bxc6 Nxe1 22. Bxe8 Nxd3 23. Bc6 Rc8 24. Bb7 Nxf4 25. Bxc8 Bxe4 26. Bh3 Nd3 27. Rd1 Bxf2+ 28. Kf1 Kc7 29. Rd2 Bb6 30. b3 Ne5 31. Re2 Bd3 32. a4 Bxe2+ 33. Kxe2 Kc6 34. g3 Kc5 35. Be6 Kb4 36. Kd2 Nf3+ 37. Kc2 Nxh2 38. Bg8 h6 39. Bf7 g5 40. Bh5 Nf1 41. g4 Ne3+ 42. Kb2 Bd4+ 43. Ka2 Nd5 44. Bf7 Nc3+ 45. Kb2 Nxa4+ 46. Ka2 Nc3+ 47. Kb2 Nd1+ 48. Kc2 Ne3+ 49. Kd3 Kc5 50. Bh5 Nd5 51. Bf7 Nf4+ 52. Ke4 Bh8 53. Kf5 Kd4 54. b4 Ke3 55. b5 Kd4 56. b6 axb6 57. Bc4 Kxc4 58. Ke4 b5 59. Kf3 b4 60. Ke4 b3 61. Kf5 b2 62. Ke4 b1=Q+ 63. Kf3 Qd3+ 64. Kf2 Qe2+ 65. Kg3 Qg2# 0-1

[Event "Junior Online 4NCL Division 4"]
[Site "online"]
[Date "2021.10.14"]
[EventDate "2021.10.14"]
[Round "5.28"]
[White "Gelmini, Leonardo"]
[WhiteElo "952"]
[WhiteTeam "Muswell Hill Knights"]
[Black "Bhatia, Jai"]
[BlackElo "1233"]
[BlackTeam "Chess Challengers B"]
[Result "1/2-1/2"]
[PlyCount "56"]

1. c4 e6 2. Nc3 Bb4 3. Qb3 Bxc3 4. Qxc3 Nf6 5. d4 c6 6. Nf3 Ne4 7. Qd3 Qa5+ 8. Bd2 Nxd2 9. Nxd2 Qc7 10. Ne4 b6 11. e3 Ba6 12. Qc3 Bb7 13. Be2 Na6 14. Qd2 d5 15. Ng3 b5 16. cxb5 cxb5 17. Bxb5+ Ke7 18. Rc1 Qd8 19. Qd3 Nc7 20. Ba4 Ba6 21. Qc3 Rc8 22. Qa3+ Qd6 23. Qxd6+ Kxd6 24. Rc6+ Ke7 25. Kd2 Bb5 26. Bxb5 Nxb5 27. Rxc8 Rxc8 28. Ne2 Rb8 1/2-1/2

[Event "Junior Online 4NCL Division 4"]
[Site "online"]
[Date "2021.10.14"]
[EventDate "2021.10.14"]
[Round "5.31"]
[White "Thompson, Thomas George"]
[WhiteElo "1329"]
[WhiteTeam "KEGS B"]
[Black "Lynn, Angelo"]
[BlackElo "900"]
[BlackTeam "Lenzie Dementors"]
[Result "1-0"]
[PlyCount "51"]

1. e4 c6 2. d4 d5 3. exd5 cxd5 4. c4 e6 5. Nc3 Nf6 6. Nf3 Nc6 7. Bg5 Be7 8. cxd5 exd5 9. Bb5 O-O 10. O-O a6 11. Bxc6 bxc6 12. Ne5 Qc7 13. Rc1 h6 14. Bxf6 Bxf6 15. Nxd5 Qd6 16. Nxf6+ Qxf6 17. Rxc6 Qg5 18. Qf3 Bb7 19. Rfc1 Bxc6 20. Qxc6 Rfc8 21. Qxc8+ Rxc8 22. Rxc8+ Kh7 23. Nxf7 Qf5 24. Rh8+ Kg6 25. Ne5+ Kh5 26. g4+ 1-0

[Event "Junior Online 4NCL Division 4"]
[Site "online"]
[Date "2021.10.14"]
[EventDate "2021.10.14"]
[Round "5.32"]
[White "Tsagkarakis, Georgios"]
[WhiteElo "975"]
[WhiteTeam "Lenzie Dementors"]
[Black "Scola, George"]
[BlackElo "1300"]
[BlackTeam "KEGS B"]
[Result "1-0"]
[PlyCount "61"]

1. e4 c5 2. Nc3 d6 3. Bc4 Nf6 4. d3 Nc6 5. a3 g6 6. h3 Bg7 7. Nf3 O-O 8. O-O Be6 9. Bxe6 fxe6 10. Re1 d5 11. exd5 Nxd5 12. Rxe6 Nxc3 13. bxc3 Bxc3 14. Rb1 Nd4 15. Nxd4 Bxd4 16. Be3 Bxe3 17. Rxe3 b6 18. Qe2 Rf7 19. Re1 Kf8 20. Rf3 Rxf3 21. Qxf3+ Kg7 22. Kf1 Qd4 23. Qxa8 c4 24. Rxe7+ Kh6 25. Qf8+ Kh5 26. Rxh7+ Kg5 27. h4+ Kg4 28. f3+ Kg3 29. Qb8+ Qf4 30. Qxf4+ Kxf4 31. h5 1-0

[Event "Junior Online 4NCL Division 4"]
[Site "online"]
[Date "2021.10.14"]
[EventDate "2021.10.14"]
[Round "5.33"]
[White "Badhrinath, Adhvaith B"]
[WhiteElo "1121"]
[WhiteTeam "KEGS B"]
[Black "Banerjee, Supratit"]
[BlackElo "623"]
[BlackTeam "Lenzie Dementors"]
[Result "0-1"]
[PlyCount "66"]

1. e4 e5 2. Nf3 d6 3. d4 exd4 4. Nxd4 Be7 5. Nc3 Nf6 6. Bg5 O-O 7. Be2 h6 8. Bf4 c5 9. Ndb5 a6 10. Nxd6 Bxd6 11. Bxd6 Re8 12. e5 Nfd7 13. O-O Nc6 14. f4 b5 15. Re1 c4 16. Nd5 Ra7 17. Bf3 Nb6 18. Nf6+ gxf6 19. Bxc6 Re6 20. Qg4+ Kh8 21. Qh5 f5 22. Rad1 Qg8 23. Bf3 Rg6 24. Bc5 Rc7 25. e6 Rxc5 26. e7 Bd7 27. Rxd7 Rc8 28. Rc7 Re8 29. Qxf5 Qh7 30. Qc5 Qg8 31. Bc6 Na4 32. Qd4+ Kh7 33. Bxe8 Rxg2+ 0-1

[Event "Junior Online 4NCL Division 4"]
[Site "online"]
[Date "2021.10.14"]
[EventDate "2021.10.14"]
[Round "5.35"]
[White "Lynn, Angelo"]
[WhiteElo "900"]
[WhiteTeam "Lenzie Dementors"]
[Black "Thompson, Thomas George"]
[BlackElo "1329"]
[BlackTeam "KEGS B"]
[Result "1-0"]
[PlyCount "75"]

1. e4 e5 2. Nf3 Nc6 3. d4 exd4 4. Nxd4 Bc5 5. Be3 Nf6 6. Nxc6 bxc6 7. Bxc5 d6 8. Ba3 O-O 9. Bd3 Re8 10. O-O Nxe4 11. Re1 d5 12. Qe2 Qf6 13. f3 Qd4+ 14. Qe3 Qxe3+ 15. Rxe3 Nf6 16. Rxe8+ Nxe8 17. Nc3 Nf6 18. Re1 Be6 19. Ne2 Rb8 20. Nd4 Bd7 21. Bf5 Be8 22. Re7 Rb7 23. g4 g5 24. h4 h6 25. hxg5 hxg5 26. f4 gxf4 27. g5 Ne4 28. Rxe8+ Kg7 29. Nxc6 Nxg5 30. Rd8 Rb6 31. Nxa7 Rf6 32. Bd3 f3 33. Bc5 Ne6 34. Rxd5 Nf4 35. Rg5+ Kh6 36. Re5 Ng6 37. Be3+ Kg7 38. Rg5 1-0

[Event "Junior Online 4NCL Division 4"]
[Site "online"]
[Date "2021.10.14"]
[EventDate "2021.10.14"]
[Round "5.36"]
[White "Scola, George"]
[WhiteElo "1300"]
[WhiteTeam "KEGS B"]
[Black "Tsagkarakis, Georgios"]
[BlackElo "975"]
[BlackTeam "Lenzie Dementors"]
[Result "0-1"]
[PlyCount "116"]

1. e4 e5 2. Nc3 Nc6 3. f4 d6 4. Nf3 exf4 5. d4 Nge7 6. Bxf4 h6 7. h4 Ng6 8. Be3 a6 9. Bc4 Na5 10. Bb3 Nxb3 11. axb3 Be7 12. O-O O-O 13. Nd5 Nxh4 14. Nxe7+ Qxe7 15. e5 Nxf3+ 16. Qxf3 dxe5 17. dxe5 Qxe5 18. Rae1 Qd6 19. Bf4 Qc6 20. Qg3 Qb6+ 21. Be3 Qc6 22. Rf2 Be6 23. Ref1 Kh8 24. Qh4 Kh7 25. Rf3 Qxc2 26. Rg3 Rg8 27. Rf6 Qd1+ 28. Kh2 h5 29. Qe4+ g6 30. Qf4 Kg7 31. Rf3 Qd6 32. Qxd6 cxd6 33. Bd4 Kf8 34. Rxe6 Rd8 35. Ref6 Rd7 36. Kg3 g5 37. Bc3 d5 38. Bb4+ Kg7 39. Bc3 d4 40. Bxd4 Rxd4 41. Rxf7+ Kh8 42. R3f6 Rg7 43. Rf8+ Kh7 44. R6f7 Rd3+ 45. Kh2 Rxb3 46. Rxg7+ Kxg7 47. Rc8 h4 48. Rc7+ Kg6 49. Rc2 Kh5 50. Rc7 a5 51. Rc4 b5 52. Rc8 Rxb2 53. Rh8+ Kg4 54. Ra8 h3 55. Kg1 Rxg2+ 56. Kh1 Ra2 57. Kg1 Kg3 58. Rd8 Ra1+ 0-1

[Event "Junior Online 4NCL Division 4"]
[Site "online"]
[Date "2021.10.14"]
[EventDate "2021.10.14"]
[Round "5.37"]
[White "Banerjee, Supratit"]
[WhiteElo "623"]
[WhiteTeam "Lenzie Dementors"]
[Black "Badhrinath, Adhvaith B"]
[BlackElo "1121"]
[BlackTeam "KEGS B"]
[Result "1-0"]
[PlyCount "65"]

1. c4 e5 2. Nc3 Nf6 3. d4 d6 4. d5 Be7 5. e4 Bg4 6. Nf3 O-O 7. Be2 Nbd7 8. O-O g6 9. h3 Bh5 10. Bh6 Re8 11. Ng5 Bxe2 12. Qxe2 c6 13. f4 cxd5 14. cxd5 Qb6+ 15. Kh2 Qa6 16. Qf2 Nc5 17. Qh4 Qb6 18. fxe5 dxe5 19. Rf2 Nfxe4 20. Ncxe4 Nxe4 21. Re2 Nd6 22. Rf1 Rac8 23. Ref2 Qd4 24. Qxd4 exd4 25. g4 Rc4 26. b3 Rc3 27. Nxf7 Nxf7 28. Rxf7 Rc2+ 29. Kg1 Bd6 30. Kh1 Rh2+ 31. Kg1 Ree2 32. Rf8+ Bxf8 33. Rxf8# 1-0

[Event "Junior Online 4NCL Division 4"]
[Site "online"]
[Date "2021.10.14"]
[EventDate "2021.10.14"]
[Round "5.41"]
[White "Ciutac, Stefan"]
[WhiteElo "1080"]
[WhiteTeam "Chess Challengers E"]
[Black "Qiu, Winston"]
[BlackElo "1240"]
[BlackTeam "KCS U13C"]
[Result "0-1"]
[PlyCount "82"]

1. c4 c6 2. g3 d6 3. Bg2 Bg4 4. Nc3 e6 5. d3 Nf6 6. h3 Bf5 7. Nf3 Nbd7 8. Bd2 Be7 9. O-O h6 10. Bc1 Qc7 11. e3 Bh7 12. d4 g6 13. Bd2 Nb6 14. b3 Nbd7 15. Re1 O-O-O 16. a3 Kb8 17. b4 b6 18. Nh2 d5 19. c5 bxc5 20. bxc5 Kc8 21. Rb1 Nb8 22. Rb2 Nfd7 23. e4 Bf6 24. e5 Bg7 25. Qc1 Rhe8 26. Bxh6 Bh8 27. Bg5 f6 28. Bxf6 Nxf6 29. exf6 Bxf6 30. Qh6 Rd7 31. Qd2 Rde7 32. Nf3 e5 33. Rbb1 e4 34. Nh2 g5 35. h4 gxh4 36. Bh3+ Nd7 37. gxh4 Rg7+ 38. Kh1 Bxh4 39. Rbd1 Rf8 40. Rg1 Rxf2 41. Rxg7 Qxh2# 0-1

[Event "Junior Online 4NCL Division 4"]
[Site "online"]
[Date "2021.10.14"]
[EventDate "2021.10.14"]
[Round "5.42"]
[White "Shan-Muhammad, Rohan"]
[WhiteElo "1097"]
[WhiteTeam "KCS U13C"]
[Black "Chavan, Aarav"]
[BlackElo "1065"]
[BlackTeam "Chess Challengers E"]
[Result "1-0"]
[PlyCount "133"]

1. e4 c6 2. Nf3 d5 3. d3 d4 4. c3 c5 5. cxd4 cxd4 6. Be2 Nc6 7. O-O e5 8. Nbd2 Nf6 9. Nc4 b5 10. Ncxe5 Nxe5 11. Nxe5 Bd6 12. Bf4 O-O 13. h3 Re8 14. Nc6 Qd7 15. Bxd6 Qxd6 16. Na5 Re5 17. Nb3 Ba6 18. Nd2 Rc8 19. Nf3 Re7 20. Rc1 Rec7 21. Rxc7 Rxc7 22. Qb3 h6 23. e5 Qe7 24. exf6 Qxe2 25. fxg7 Kxg7 26. Nxd4 Qe5 27. Nf3 Qc5 28. d4 Qd6 29. Qe3 b4 30. Re1 Rc2 31. Nh4 Qd5 32. Qe5+ Qxe5 33. dxe5 Rxb2 34. Nf5+ Kg6 35. Ne7+ Kg7 36. Nd5 Rxa2 37. Nxb4 Ra4 38. Nxa6 Rxa6 39. f4 Rb6 40. g4 Rb4 41. f5 f6 42. e6 Kf8 43. Rc1 Ke7 44. Kg2 Rb2+ 45. Kg3 Rb3+ 46. Kh4 a5 47. Rc7+ Kd6 48. Ra7 Rb5 49. e7 Rb8 50. Kh5 Ke5 51. Kxh6 Kf4 52. Kg6 Kg3 53. Kxf6 Kxh3 54. g5 a4 55. Rxa4 Kg3 56. g6 Rb6+ 57. Kf7 Rxg6 58. Kxg6 Kf3 59. e8=Q Kg3 60. Qe3+ Kg2 61. Ra2+ Kf1 62. Qe1+ Kxe1 63. f6 Kd1 64. f7 Kc1 65. f8=Q Kb1 66. Rh2 Ka1 67. Qf1# 1-0

[Event "Junior Online 4NCL Division 4"]
[Site "online"]
[Date "2021.10.14"]
[EventDate "2021.10.14"]
[Round "5.43"]
[White "Moiseev, Mikhail"]
[WhiteElo "1070"]
[WhiteTeam "Chess Challengers E"]
[Black "Kou, Victor"]
[BlackElo "965"]
[BlackTeam "KCS U13C"]
[Result "1-0"]
[PlyCount "135"]

1. e4 e5 2. Nf3 Nc6 3. Nc3 Nf6 4. d3 h6 5. Be3 Bb4 6. Bd2 d6 7. a3 Bc5 8. b4 Bb6 9. Nd5 Nxd5 10. exd5 Nd4 11. Nxd4 Bxd4 12. c3 Bb6 13. Be2 O-O 14. O-O Bd7 15. Be3 Re8 16. a4 Bxe3 17. fxe3 c6 18. dxc6 Bxc6 19. a5 Qg5 20. g3 Qxe3+ 21. Rf2 g6 22. Bf1 e4 23. dxe4 Bxe4 24. Qxd6 Rad8 25. Qf4 Qxf4 26. Rxf4 Rd2 27. Re1 Bc6 28. Rxe8+ Bxe8 29. Rc4 Rd1 30. Rc7 Bb5 31. Rc8+ Kg7 32. c4 Bd7 33. Rd8 Bg4 34. Rxd1 Bxd1 35. c5 Ba4 36. b5 Kf6 37. b6 a6 38. Bg2 Ke7 39. Bxb7 Kd7 40. Bxa6 Kc6 41. b7 Kc7 42. Kf2 Bc6 43. Ke3 Bxb7 44. Bxb7 Kxb7 45. Ke4 Kc6 46. Ke5 Kxc5 47. Kf6 Kb5 48. Kxf7 Kxa5 49. Kxg6 Kb4 50. Kxh6 Kc4 51. g4 Kd4 52. Kg6 Ke5 53. g5 Ke6 54. h4 Ke7 55. h5 Ke6 56. h6 Ke7 57. Kg7 Kd6 58. g6 Ke5 59. h7 Kf4 60. h8=Q Ke3 61. Kf7 Kd3 62. g7 Ke4 63. g8=R Kf4 64. Qh5 Ke4 65. Rg4+ Ke3 66. Qh3+ Ke2 67. Rg2+ Kd1 68. Qh1# 1-0

[Event "Junior Online 4NCL Division 4"]
[Site "online"]
[Date "2021.10.14"]
[EventDate "2021.10.14"]
[Round "5.44"]
[White "Hill-Wood, Oliver"]
[WhiteElo "936"]
[WhiteTeam "KCS U13C"]
[Black "Gehlote, Sohum Singh"]
[BlackElo "1129"]
[BlackTeam "Chess Challengers E"]
[Result "1-0"]
[PlyCount "39"]

1. e4 e5 2. Nf3 Nc6 3. d4 exd4 4. Nxd4 Nxd4 5. Qxd4 Nf6 6. e5 Ng8 7. Bc4 Ne7 8. Qf4 d5 9. exd6 cxd6 10. Qxf7+ Kd7 11. Nc3 b6 12. Nb5 Bb7 13. Qe6+ Ke8 14. Nxd6+ Qxd6 15. Qxd6 Bxg2 16. Rg1 Be4 17. Be6 Rd8 18. Qf4 Ra8 19. Qxe4 Rd8 20. Qa4+ 1-0

[Event "Junior Online 4NCL Division 4"]
[Site "online"]
[Date "2021.10.14"]
[EventDate "2021.10.14"]
[Round "5.45"]
[White "Qiu, Winston"]
[WhiteElo "1240"]
[WhiteTeam "KCS U13C"]
[Black "Ciutac, Stefan"]
[BlackElo "1080"]
[BlackTeam "Chess Challengers E"]
[Result "0-1"]
[PlyCount "152"]

1. c4 c6 2. d3 d5 3. c5 Qa5+ 4. Bd2 Qxc5 5. Nc3 Nf6 6. Be3 Qd6 7. Nf3 e5 8. Qd2 d4 9. Ne4 dxe3 10. Nxd6+ Bxd6 11. Qxe3 Nbd7 12. d4 e4 13. Nd2 Bb4 14. O-O-O Bxd2+ 15. Rxd2 O-O 16. f3 exf3 17. gxf3 Nb6 18. Rg1 Nc4 19. Qh6 g6 20. Rc2 Nd6 21. e4 Nb5 22. Bxb5 cxb5 23. e5 Nd5 24. f4 Bf5 25. Rc5 Rac8 26. Rxc8 Rxc8+ 27. Kd2 Rc2+ 28. Kd1 Ne3+ 29. Ke1 Rc1+ 30. Kf2 Ng4+ 31. Kf3 Nxh6 32. Rxc1 Bg4+ 33. Ke4 Bf5+ 34. Ke3 Kg7 35. d5 Ng4+ 36. Kd4 Nxh2 37. d6 Nf3+ 38. Kc5 Bd7 39. Kd5 h6 40. Rc7 Be6+ 41. Ke4 Nd2+ 42. Kd3 Nc4 43. d7 Nxb2+ 44. Ke3 Nc4+ 45. Kd3 Nb2+ 46. Ke4 Bf5+ 47. Kf3 Bxd7 48. Rxd7 a6 49. e6 Kf8 50. e7+ Ke8 51. Rxb7 Nc4 52. Ke4 Nd6+ 53. Kd5 Nxb7 54. Kc6 Na5+ 55. Kb6 Nc4+ 56. Kc5 Kxe7 57. Kd5 Ne3+ 58. Ke4 Ng4 59. Kf3 h5 60. Kg3 Ke6 61. Kh4 Kf5 62. Kg3 a5 63. Kf3 b4 64. Ke2 Kxf4 65. Kd2 h4 66. a4 h3 67. Ke2 h2 68. Kf1 h1=Q+ 69. Ke2 Qa1 70. Kd2 Qxa4 71. Kc1 Qa2 72. Kd1 Qb2 73. Ke1 Qc2 74. Kf1 Qd2 75. Kg1 Qe2 76. Kh1 Qh2# 0-1

[Event "Junior Online 4NCL Division 4"]
[Site "online"]
[Date "2021.10.14"]
[EventDate "2021.10.14"]
[Round "5.46"]
[White "Chavan, Aarav"]
[WhiteElo "1065"]
[WhiteTeam "Chess Challengers E"]
[Black "Shan-Muhammad, Rohan"]
[BlackElo "1097"]
[BlackTeam "KCS U13C"]
[Result "0-1"]
[PlyCount "48"]

1. c4 e5 2. g3 Nc6 3. Bg2 Nf6 4. Nc3 Bc5 5. Nd5 Nxd5 6. cxd5 Ne7 7. Nf3 d6 8. e4 Bd7 9. O-O O-O 10. d3 Ng6 11. Re1 c6 12. Be3 cxd5 13. exd5 b6 14. d4 exd4 15. Bxd4 Bxd4 16. Nxd4 Bc8 17. Rc1 Bb7 18. a4 Re8 19. Kf1 Rxe1+ 20. Qxe1 Qf6 21. Rc7 Qxd4 22. Rxb7 Qxa4 23. Qe4 Qa6+ 24. Qe2 Qxb7 0-1

[Event "Junior Online 4NCL Division 4"]
[Site "online"]
[Date "2021.10.14"]
[EventDate "2021.10.14"]
[Round "5.48"]
[White "Gehlote, Sohum Singh"]
[WhiteElo "1129"]
[WhiteTeam "Chess Challengers E"]
[Black "Hill-Wood, Oliver"]
[BlackElo "936"]
[BlackTeam "KCS U13C"]
[Result "0-1"]
[PlyCount "46"]

1. e4 c5 2. Nc3 Nc6 3. Bc4 g6 4. Nf3 Bg7 5. O-O d6 6. b3 Nf6 7. Bb2 Bg4 8. Nd5 Ne5 9. Be2 Bxf3 10. Bxf3 O-O 11. Nxf6+ Bxf6 12. Qe2 Nxf3+ 13. Qxf3 Bxb2 14. Rab1 Bg7 15. Rfe1 Rc8 16. c4 Rc6 17. a4 a6 18. b4 Rb6 19. bxc5 dxc5 20. Rxb6 Qxb6 21. Re3 Qb1+ 22. Qd1 Qxd1+ 23. Re1 Qxe1# 0-1

[Event "Junior Online 4NCL Division 4"]
[Site "online"]
[Date "2021.10.14"]
[EventDate "2021.10.14"]
[Round "5.51"]
[White "Innani, Nipun"]
[WhiteElo "1000"]
[WhiteTeam "KEGS C"]
[Black "Fang, Moyao"]
[BlackElo "1367"]
[BlackTeam "London Dragons Beryllium"]
[Result "0-1"]
[PlyCount "36"]

1. e4 c5 2. c3 Nc6 3. f4 e6 4. d4 d5 5. dxc5 Bxc5 6. exd5 exd5 7. Nf3 Nf6 8. c4 d4 9. b3 O-O 10. Bb2 Re8+ 11. Be2 d3 12. Bxf6 gxf6 13. Nc3 dxe2 14. Qc2 Nd4 15. Nxd4 Qxd4 16. Nxe2 Qxa1+ 17. Kd2 Be3+ 18. Kd3 Bf5# 0-1

[Event "Junior Online 4NCL Division 4"]
[Site "online"]
[Date "2021.10.14"]
[EventDate "2021.10.14"]
[Round "5.52"]
[White "Shi, Shaoting"]
[WhiteElo "1211"]
[WhiteTeam "London Dragons Beryllium"]
[Black "Fernandes, Cleon"]
[BlackElo "1000"]
[BlackTeam "KEGS C"]
[Result "1-0"]
[PlyCount "97"]

1. e4 e5 2. Nf3 Nc6 3. Bc4 h6 4. O-O Nf6 5. Nc3 Bc5 6. d4 exd4 7. Nxd4 Nxd4 8. Be3 Ne6 9. Bxe6 Bxe3 10. Bxf7+ Kxf7 11. fxe3 Re8 12. Qd5+ Kf8 13. e5 Re6 14. exf6 gxf6 15. Ne4 c6 16. Qc5+ d6 17. Qd4 d5 18. Nxf6 Ke7 19. Nh5 Kd6 20. Rf6 c5 21. Qf4+ Kc6 22. Rxe6+ Bxe6 23. Rf1 Qe7 24. Qa4+ b5 25. Qa6+ Kc7 26. Qxb5 a6 27. Qa5+ Kc6 28. Qa4+ Kc7 29. c3 c4 30. Nf4 Rb8 31. Qxa6 Rb6 32. Qa7+ Rb7 33. Qa5+ Rb6 34. Nxe6+ Qxe6 35. Qc5+ Rc6 36. Qa7+ Kd6 37. Qb8+ Rc7 38. e4 dxe4 39. Rd1+ Kc6 40. Qa8+ Kb5 41. a4+ Kc5 42. Qa5+ Kc6 43. Qa6+ Kc5 44. Qxe6 Rc6 45. Rd5+ Kb6 46. Rb5+ Kc7 47. Qe7+ Kc8 48. a5 Rc7 49. Qe8# 1-0

[Event "Junior Online 4NCL Division 4"]
[Site "online"]
[Date "2021.10.14"]
[EventDate "2021.10.14"]
[Round "5.53"]
[White "Lankothu, Sushant"]
[WhiteElo "1000"]
[WhiteTeam "KEGS C"]
[Black "Liu, Zhengzheng"]
[BlackElo "1290"]
[BlackTeam "London Dragons Beryllium"]
[Result "1-0"]
[PlyCount "103"]

1. e4 c5 2. Nf3 Nc6 3. Bb5 Qb6 4. Bxc6 Qxc6 5. Nc3 d6 6. d4 b6 7. d5 Qc7 8. Bg5 h6 9. Bh4 Ba6 10. a4 Nf6 11. Bxf6 exf6 12. Nb5 Bxb5 13. axb5 Be7 14. c4 O-O 15. Qd2 Qd7 16. h3 f5 17. e5 f6 18. e6 Qe8 19. Qf4 Qh5 20. Qh4 Qxh4 21. Nxh4 Bd8 22. Nxf5 Re8 23. Nxd6 Re7 24. Nf5 Rb7 25. O-O Kh7 26. Kh2 g6 27. Ne3 Re7 28. f4 Bc7 29. g3 f5 30. g4 Bd6 31. gxf5 gxf5 32. Nxf5 Bxf4+ 33. Rxf4 Ree8 34. Rh4 Kg6 35. Nxh6 Rh8 36. Rg1+ Kf6 37. Ng4+ Kg5 38. Rxh8 Rxh8 39. b3 Kf4 40. Rg3 Rh7 41. Nf6 Rh6 42. Ne8 Rh8 43. Nd6 Ke5 44. Nf7+ Kd4 45. Nxh8 Ke5 46. Nf7+ Kf6 47. h4 Ke7 48. h5 Kf6 49. h6 Ke7 50. h7 Kf6 51. h8=Q+ Ke7 52. Qd8# 1-0

[Event "Junior Online 4NCL Division 4"]
[Site "online"]
[Date "2021.10.14"]
[EventDate "2021.10.14"]
[Round "5.54"]
[White "Li, Harvey"]
[WhiteElo "1280"]
[WhiteTeam "London Dragons Beryllium"]
[Black "Siriwardana, Neil"]
[BlackElo "980"]
[BlackTeam "KEGS C"]
[Result "1-0"]
[PlyCount "81"]

1. e3 e5 2. Nc3 d6 3. Nf3 Nc6 4. Bb5 Bd7 5. O-O Nf6 6. d4 exd4 7. exd4 Be7 8. d5 Ne5 9. Bf4 Nxf3+ 10. Qxf3 O-O 11. Rae1 Bxb5 12. Nxb5 Nxd5 13. Qxd5 Bf6 14. Qxb7 Bxb2 15. c3 f6 16. Qxc7 Qxc7 17. Nxc7 Rac8 18. Bxd6 Rfd8 19. Nb5 a6 20. Ba3 Bxc3 21. Nxc3 Rxc3 22. Re3 Rc2 23. Rg3 Rxa2 24. Be7 Re8 25. Bxf6 Rf8 26. Bxg7 Re8 27. Bc3+ Kf7 28. Rg7+ Ke6 29. Re1+ Kd6 30. Rxe8 Rc2 31. Bb4+ Kd5 32. Rg5+ Kc6 33. Rc8+ Kd7 34. Rxc2 a5 35. Bxa5 Kd6 36. Bb4+ Kd7 37. Ba5 Ke6 38. Rc6+ Kf7 39. Bc3 Kf8 40. Rg7 Ke8 41. Rc8# 1-0

[Event "Junior Online 4NCL Division 4"]
[Site "online"]
[Date "2021.10.14"]
[EventDate "2021.10.14"]
[Round "5.55"]
[White "Fang, Moyao"]
[WhiteElo "1367"]
[WhiteTeam "London Dragons Beryllium"]
[Black "Innani, Nipun"]
[BlackElo "1000"]
[BlackTeam "KEGS C"]
[Result "0-1"]
[PlyCount "24"]

1. e4 e5 2. Nf3 Nf6 3. Nxe5 Nc6 4. Nxc6 dxc6 5. Nc3 Bc5 6. Bc4 Ng4 7. O-O Qh4 8. h3 Nxf2 9. Bxf7+ Kd8 10. Qf3 Nxh3+ 11. Kh1 Nf2+ 12. Kg1 Qh1# 0-1

[Event "Junior Online 4NCL Division 4"]
[Site "online"]
[Date "2021.10.14"]
[EventDate "2021.10.14"]
[Round "5.56"]
[White "Fernandes, Cleon"]
[WhiteElo "1000"]
[WhiteTeam "KEGS C"]
[Black "Shi, Shaoting"]
[BlackElo "1211"]
[BlackTeam "London Dragons Beryllium"]
[Result "0-1"]
[PlyCount "48"]

1. e4 e5 2. Nf3 Nc6 3. Bc4 Nf6 4. Nc3 Nxe4 5. Nxe4 d5 6. Bxd5 Qxd5 7. Neg5 f6 8. Nh3 Bxh3 9. gxh3 Qe4+ 10. Kf1 Nd4 11. Nxd4 Qxh1+ 12. Ke2 Qe4+ 13. Kf1 Qxd4 14. c3 Qd3+ 15. Kg1 Qxh3 16. Qa4+ c6 17. Qc4 O-O-O 18. d4 exd4 19. cxd4 Bd6 20. f4 g5 21. Kf2 Qxh2+ 22. Kf3 Qh3+ 23. Ke4 Rde8+ 24. Qe6+ Rxe6# 0-1

[Event "Junior Online 4NCL Division 4"]
[Site "online"]
[Date "2021.10.14"]
[EventDate "2021.10.14"]
[Round "5.57"]
[White "Liu, Zhengzheng"]
[WhiteElo "1290"]
[WhiteTeam "London Dragons Beryllium"]
[Black "Lankothu, Sushant"]
[BlackElo "1000"]
[BlackTeam "KEGS C"]
[Result "1-0"]
[PlyCount "81"]

1. e4 e5 2. Nf3 Nf6 3. Nxe5 Nc6 4. Nxc6 dxc6 5. Nc3 Bc5 6. Bc4 Qd4 7. Qe2 O-O 8. O-O Bg4 9. Qd3 Qxd3 10. Bxd3 Rad8 11. Bc4 Rfe8 12. Re1 Bh5 13. d3 Bb4 14. Bd2 a5 15. a3 Bc5 16. Bg5 Rd6 17. e5 Ng4 18. exd6 Bxf2+ 19. Kf1 Bxe1 20. Rxe1 Nxh2+ 21. Kf2 Ng4+ 22. Kf1 Rxe1+ 23. Kxe1 cxd6 24. Ke2 Ne5+ 25. Ke3 d5 26. Bb3 f6 27. Bf4 Ng6 28. Bc7 a4 29. Nxa4 Ne5 30. Nc5 Bf7 31. Bxe5 fxe5 32. Nxb7 g6 33. Nd6 Be6 34. d4 e4 35. Ba4 Bd7 36. Nb7 Kf7 37. Na5 Ke6 38. Bxc6 Bxc6 39. Nxc6 Kd6 40. Ne5 Ke6 41. b4 1-0

[Event "Junior Online 4NCL Division 4"]
[Site "online"]
[Date "2021.10.14"]
[EventDate "2021.10.14"]
[Round "5.61"]
[White "Bedi, Adarsh"]
[WhiteElo "1365"]
[WhiteTeam "Wanstead Warriors 2"]
[Black "Pyla, Akhil"]
[BlackElo "1320"]
[BlackTeam "Chess Challengers C"]
[Result "0-1"]
[PlyCount "94"]

1. d4 e5 2. d5 c6 3. c4 cxd5 4. cxd5 b6 5. e4 Nf6 6. Nc3 Bb4 7. Bd3 d6 8. Nf3 Bg4 9. h3 Bxf3 10. Qxf3 Bxc3+ 11. bxc3 O-O 12. Bg5 Nbd7 13. Bb5 Nc5 14. Bxf6 Qxf6 15. Qxf6 gxf6 16. f3 a6 17. Bc6 Rac8 18. Rd1 b5 19. O-O Rfd8 20. f4 Nxe4 21. fxe5 fxe5 22. Bb7 Rxc3 23. Bxa6 Ng3 24. Rfe1 Ra3 25. Bxb5 Rxa2 26. Kh2 Nf5 27. Ra1 Rxa1 28. Rxa1 Ne3 29. Kg3 Nxd5 30. Rd1 Nc3 31. Be2 Nxe2+ 32. Kf2 Nf4 33. Kf3 Kf8 34. g3 Nxh3 35. Kg4 Nf2+ 36. Kf3 Nxd1 37. Ke4 Ke7 38. g4 Nf2+ 39. Kd5 Nxg4 40. Ke4 d5+ 41. Kd3 e4+ 42. Ke2 d4 43. Kd2 e3+ 44. Ke2 d3+ 45. Kd1 e2+ 46. Ke1 d2+ 47. Kxe2 d1=Q# 0-1

[Event "Junior Online 4NCL Division 4"]
[Site "online"]
[Date "2021.10.14"]
[EventDate "2021.10.14"]
[Round "5.62"]
[White "Jha, Aarush"]
[WhiteElo "1311"]
[WhiteTeam "Chess Challengers C"]
[Black "Mukherjee, Aradhya"]
[BlackElo "1337"]
[BlackTeam "Wanstead Warriors 2"]
[Result "0-1"]
[PlyCount "110"]

1. e4 d6 2. Nf3 Nf6 3. Nc3 g6 4. d4 Bg7 5. Bd3 O-O 6. O-O a6 7. h3 c5 8. e5 dxe5 9. dxe5 Nd5 10. Bd2 Nc6 11. Re1 b5 12. Nxd5 Qxd5 13. Be4 Qd7 14. Ng5 h6 15. Bxc6 Qxc6 16. Nf3 Bb7 17. Qe2 Kh7 18. Rab1 e6 19. g4 Qxf3 20. Qxf3 Bxf3 21. g5 hxg5 22. Bxg5 Rae8 23. Bf6 Bxf6 24. exf6 e5 25. Re3 e4 26. Kh2 Re6 27. b4 cxb4 28. Rxb4 Rxf6 29. Rxf3 Rxf3 30. Rxe4 Rxf2+ 31. Kg3 Rxc2 32. Rh4+ Kg7 33. Kf4 Rc4+ 34. Kg5 Rxh4 35. Kxh4 Re8 36. Kg5 Re2 37. h4 Rxa2 38. h5 Rh2 39. hxg6 fxg6 40. Kg4 b4 41. Kf3 b3 42. Kg3 Rc2 43. Kf3 b2 44. Ke3 b1=Q 45. Kd3 a5 46. Kd4 a4 47. Kd3 a3 48. Kd4 a2 49. Kd3 a1=Q 50. Ke3 Qb3+ 51. Ke4 Qaa4+ 52. Ke5 Rc5+ 53. Kd6 Qb6+ 54. Ke7 Qaa7+ 55. Ke8 Rc8# 0-1

[Event "Junior Online 4NCL Division 4"]
[Site "online"]
[Date "2021.10.14"]
[EventDate "2021.10.14"]
[Round "5.63"]
[White "Ali, Zaki"]
[WhiteElo "1268"]
[WhiteTeam "Wanstead Warriors 2"]
[Black "Rajaram, Dilip"]
[BlackElo "1206"]
[BlackTeam "Chess Challengers C"]
[Result "0-1"]
[PlyCount "48"]

1. e4 e5 2. Nf3 Nc6 3. Bc4 Nf6 4. Nc3 Be7 5. d3 O-O 6. Bg5 d6 7. d4 exd4 8. Nxd4 Nxd4 9. Qxd4 c5 10. Qe3 Ng4 11. Qf4 Bxg5 12. Qg3 Qf6 13. O-O Bf4 14. Qd3 Ne5 15. Qe2 Bg4 16. Nd5 Qh6 17. Ne7+ Kh8 18. f3 Qxh2+ 19. Kf2 Qg3+ 20. Kg1 Qh2+ 21. Kf2 Qh4+ 22. Kg1 Bh2+ 23. Kh1 Bg3+ 24. Kg1 Qh2# 0-1